Advanced engineering mathematics

সংরক্ষণ করুন:
গ্রন্থ-পঞ্জীর বিবরন
প্রধান লেখক: Greenberg, Michael D (Author)
বিন্যাস: গ্রন্থ
ভাষা:ইংরেজি
প্রকাশিত: Englewood Cliffs Prentice-Hall 1988
বিষয়গুলি:
ট্যাগগুলো: ট্যাগ যুক্ত করুন
কোনো ট্যাগ নেই, প্রথমজন হিসাবে ট্যাগ করুন!

MARC

LEADER 00000nam a2200000 a 4500
001 UCW0741
003 CL-VaPUC
008 890419e19880000US |||||||||||||||||eng|d
082 0 4 |a 510  |b GRE  |2 21 
100 0 |a Greenberg, Michael D  |e author  |9 304659 
245 1 0 |a Advanced engineering mathematics 
300 |a 946 p 
942 |c BK 
945 |d 19890419 00:00:00 
260 |a Englewood Cliffs  |b Prentice-Hall  |c 1988 
650 0 |a Matemáticas para ingenieros  |9 259317 
583 |a last modification  |c 20120528 09:29:14  |k Rodrigo Vera 
999 |c 215802  |d 215800 
952 |0 0  |1 0  |4 0  |6 510_000000000000000_GRE_1988  |7 0  |8 A  |9 200864  |a BIBMAT  |b BIBMAT  |d 2019-11-14  |i 2679892  |o 510 GRE 1988  |p 2679892  |r 2025-01-07  |w 2019-11-14  |y BK  |k MAT